<?xml version="1.0" encoding="UTF-8"?>
<marc:record xmlns:marc="http://www.loc.gov/MARC21/slim">
   <marc:leader>00000nam a2200000 a 4500</marc:leader>
   <marc:datafield ind1="1" ind2=" " tag="100">
      <marc:subfield code="a">Livaneli, Zülfü</marc:subfield>
      <marc:subfield code="4">aut</marc:subfield>
      <marc:subfield code="e">Verfasser/-in</marc:subfield>
   </marc:datafield>
   <marc:datafield ind1=" " ind2=" " tag="653">
      <marc:subfield code="a">Türkisch / Bilderbuch</marc:subfield>
   </marc:datafield>
   <marc:datafield ind1=" " ind2=" " tag="653">
      <marc:subfield code="a">Roman</marc:subfield>
   </marc:datafield>
   <marc:datafield ind1="0" ind2="0" tag="245">
      <marc:subfield code="a">Karde&amp;#351;imin Hikayesi [Schwarze Liebe, Schwarzes Meer]</marc:subfield>
   </marc:datafield>
   <marc:datafield ind1="0" ind2="0" tag="245">
      <marc:subfield code="c">Livaneli, Zülfü</marc:subfield>
   </marc:datafield>
   <marc:datafield ind1=" " ind2="1" tag="264">
      <marc:subfield code="c">2013</marc:subfield>
   </marc:datafield>
   <marc:datafield ind1="1" ind2=" " tag="520">
      <marc:subfield code="a">Sakin bir bal&amp;#305;kç&amp;#305; köyünde genç bir kad&amp;#305;n&amp;#305;n cinayete kurban gitmesiyle ba&amp;#351;lar her &amp;#351;ey. Dünyadan elini ete&amp;#287;ini çekmi&amp;#351; emekli in&amp;#351;aat mühendisiyle genç, güzel ve merakl&amp;#305; gazeteci k&amp;#305;z&amp;#305;n tan&amp;#305;&amp;#351;mas&amp;#305;na da bu cinayet vesile olur. Kurguyla gerçe&amp;#287;in kar&amp;#305;&amp;#351;t&amp;#305;&amp;#287;&amp;#305;, duygular&amp;#305;n en karanl&amp;#305;k, en kuytu bölgelerine girildi&amp;#287;i hikâye, daha do&amp;#287;rusu hikâye içinde hikâye de böylece ba&amp;#351;lar. Modern bir Binbir Gece Masal&amp;#305;&#x92;n&amp;#305;n kap&amp;#305;lar&amp;#305; aralan&amp;#305;r. Ancak bu kez &amp;#350;ehrazad erkektir. Karde&amp;#351;imin Hikâyesi a&amp;#351;k&amp;#305;n mutlulukta ula&amp;#351;&amp;#305;lacak son nokta oldu&amp;#287;una inananlar&amp;#305; bir kez daha dü&amp;#351;ünmeye davet eden, a&amp;#351;ka, a&amp;#351;k&amp;#305;n karma&amp;#351;&amp;#305;kl&amp;#305;&amp;#287;&amp;#305;na ve tehlikelerine dair nefes kesen bir roman. Her sayfada yeni bir gerçekli&amp;#287;i ke&amp;#351;fedecek, ku&amp;#351;ku ile kesinli&amp;#287;in s&amp;#305;n&amp;#305;rlar&amp;#305;nda dola&amp;#351;acaks&amp;#305;n&amp;#305;z. Mant&amp;#305;ks&amp;#305;z gibi geliyor ama o sabah uyand&amp;#305;&amp;#287;&amp;#305;mda tuhaf bir haber alaca&amp;#287;&amp;#305;m&amp;#305; biliyordum. Karadeniz&#x92;in lacivert dalgalar&amp;#305;yla ba&amp;#351; ba&amp;#351;a kalm&amp;#305;&amp;#351; olan bu &amp;#305;ss&amp;#305;z köyde geçen her gün birbirinin ayn&amp;#305;s&amp;#305; oldu&amp;#287;u için burada insanlar&amp;#305;n heyecanla konu&amp;#351;aca&amp;#287;&amp;#305; olaylara pek s&amp;#305;k rastlanmazd&amp;#305;. O günün de ötekiler gibi sessizce ak&amp;#305;p gitmesi gerekirdi ama galiba ba&amp;#351;ka &amp;#351;eyler olacakt&amp;#305;. O mahmur sabah saatlerinde bir cinayet haberi alaca&amp;#287;&amp;#305;m&amp;#305; bilmiyordum elbette ama bir haber gelecekti. Daha yataktan ç&amp;#305;kmam&amp;#305;&amp;#351;t&amp;#305;m, gözlerim kapal&amp;#305;yd&amp;#305;, arkalar&amp;#305;nda fosforlu çizgiler b&amp;#305;rakarak y&amp;#305;ld&amp;#305;r&amp;#305;m h&amp;#305;z&amp;#305;yla hareket eden mor tav&amp;#351;anlar&amp;#305; izliyordum.</marc:subfield>
   </marc:datafield>
   <marc:datafield ind1=" " ind2=" " tag="020">
      <marc:subfield code="a">9786050914443</marc:subfield>
      <marc:subfield code="9">9786050914443</marc:subfield>
   </marc:datafield>
   <marc:datafield ind1=" " ind2=" " tag="020">
      <marc:subfield code="a">6050914443</marc:subfield>
      <marc:subfield code="9">6050914443</marc:subfield>
   </marc:datafield>
   <marc:datafield ind1=" " ind2=" " tag="338">
      <marc:subfield code="a">Band</marc:subfield>
   </marc:datafield>
   <marc:datafield ind1=" " ind2=" " tag="300">
      <marc:subfield code="a">324 S.</marc:subfield>
   </marc:datafield>
</marc:record>
